| Tag |
First Indicator |
Second Indicator |
Subfields |
| LEADER |
00000cam a2200000 a 4500 |
| 001 |
in00000028163 |
| 005 |
20151007060013.0 |
| 008 |
870807s1988 nyu b 00110 eng |
| 010 |
|
|
|a 87023161
|
| 020 |
|
|
|a 0801420172 (alk. paper)
|
| 035 |
|
|
|a (OCoLC)16681367
|
| 035 |
|
|
|9 AAB9856AM
|
| 040 |
|
|
|a DLC
|c DLC
|d TXA
|d UtOrBLW
|
| 041 |
1 |
|
|a eng
|h lat
|
| 049 |
|
|
|a TXAM
|c [A11091061]
|
| 050 |
0 |
0 |
|a B659.I52
|b E6 1988
|
| 082 |
0 |
|
|a 160
|2 19
|
| 100 |
0 |
|
|a Boethius,
|d -524.
|
| 240 |
1 |
0 |
|a In Ciceronis topica.
|l English
|
| 245 |
1 |
0 |
|a Boethius's In Ciceronis topica /
|c translated, with notes and an introduction by Eleonore Stump.
|
| 264 |
|
1 |
|a Ithaca :
|b Cornell University Press,
|c 1988.
|
| 300 |
|
|
|a xi, 277 pages ;
|c 24 cm.
|
| 336 |
|
|
|a text
|b txt
|2 rdacontent
|
| 337 |
|
|
|a unmediated
|b n
|2 rdamedia
|
| 338 |
|
|
|a volume
|b nc
|2 rdacarrier
|
| 504 |
|
|
|a Bibliography: pages 256-264.
|
| 500 |
|
|
|a Includes indexes.
|
| 650 |
|
0 |
|a Topic (Philosophy)
|x Early works to 1800.
|
| 600 |
1 |
0 |
|a Cicero, Marcus Tullius.
|
| 700 |
1 |
|
|a Stump, Eleonore,
|d 1947-
|
| 740 |
0 |
|
|a In Ciceronis topica
|
| 999 |
|
|
|a MARS
|
| 999 |
f |
f |
|s 2d3d8cb0-7fd5-3e90-9960-81ac55b4315a
|i 7892ed67-59db-3cd0-97ea-d526d9bd3609
|t 0
|
| 952 |
f |
f |
|p normal
|a Texas A&M University
|b College Station
|c Sterling C. Evans Library
|d Evans: Library Stacks
|t 0
|e B659.I52 E6 1988
|h Library of Congress classification
|i unmediated -- volume
|m A14811091061
|
| 998 |
f |
f |
|a B659.I52 E6 1988
|t 0
|l Evans: Library Stacks
|